Music Quiz

Random Music or Kpop Quiz
Score 0/12 Timer 02:00
0 Plays Today
Answer % Correct
Jinhwan
99.6%
Sunggyu
99%
Jinhwan
98.9%
Jinhwan
98.8%
Sunggyu
98.7%
Jinhwan
98.5%
Sunggyu
98.1%
Jinhwan
97.6%
Sunggyu
97.1%
Jinhwan
96.7%
Sunggyu
96.3%
Sunggyu
95.9%
Remove Ads.
Support Sporcle.
Get the best of Sporcle when you Go Orange. This ad-free experience offers more features, more stats, and more fun while also helping to support Sporcle. Thank you for becoming a member.

You're not logged in!

Compare scores with friends on all Sporcle quizzes.
OR
Log In

Show Comments

Extras

Top Quizzes Today


Score Distribution

Your Account Isn't Verified!

In order to create a playlist on Sporcle, you need to verify the email address you used during registration. Go to your Sporcle Settings to finish the process.

Report this User

Report this user for behavior that violates our Community Guidelines.

Details: